000 00372nam a2200145Ia 4500
999 _c522952
_d522952
005 20190201140221.0
008 190125s9999 xx 000 0 und d
040 _cDLC
082 _a627.4
_bGHO
100 _aS.N. Ghosh
_913251
245 _aFlood Control and Drainage Engineering /
260 _bCRC Press
_aNew York
_c2014
300 _axiv, 412p. :
942 _2ddc
_cBK